Statistics for International Football Teams Ranked World Number One

Click here to take the quiz!

General Stats

  • This quiz has been taken 241 times
  • The average score is 8 of 8

Answer Stats

DateCountry% Correct
23 September 1993Brazil
98%
2 July 2008Spain
98%
14 March 2007Argentina
97%
31 December 1992Germany
97%
16 May 2001France
96%
19 November 1993Italy
96%
5 November 2015Belgium
90%
24 August 2011Netherlands
83%

Score Distribution

Percentile by Number Answered

Percent of People with Each Score

Your Score History

You have not taken this quiz